50 Questions difficiles sur le Weekly Shōnen Jump - Statistiques

Statistiques générales
  • Ce quiz a été pris 14 fois
  • Le résultat moyen est 23 sur 50
Statistiques - réponses
Question Réponse % Correct
Quel évènement annuel, inauguré en 1999, permet à la Shueisha de présenter les informations relatives aux divers mangas de leurs magazines et principalement ceux du Jump ? Jump Festa
93%
Quelle fut la couverture du tout premier numéro du Jump ?
79%
Parmi ces mangas issus du Jump, lequel ne possède pas une suite qui a elle-même été publiée dans le Jump ? Circuit no Ōkami
79%
Quel est l'avatar qu'utilise Koyoharu Gotōge, l'autrice de Demon Slayer ?
71%
Des débuts du magazine en 1968 jusqu'à octobre 1969 le Jump n'était en réalité pas encore un magazine hebdomadaire. Selon quel rythme de parution était-il alors publié ? Bimensuel
71%
L'épisode 6 de la saison 34 des Simpson présente une parodie d'un manga issu du Jump, lequel ? Death Note
71%
Dans le chapitre 71 de Food Wars!, lors du duel opposant Megumi Tadokoro et Ryō Kurokiba, le manga fait une référence à un autre manga du Jump, lequel ? JoJo's Bizarre Adventure
71%
Lequel de ces animes issus de mangas du Jump n'a pas eu le droit à un remake/reboot ? Otoko Ippiki Gaki Daishō
71%
De quel auteur du Jump, Takehiko Inoue, auteur de Slam Dunk, fut l'assistant ? Tsukasa Hōjō (City Hunter)
71%
Parmi ces quatre mangas fictifs (inventés à l’intérieur d’autres mangas publiés dans le Jump), lequel n’est pas présenté comme étant publié au sein du Jump dans son univers ? Uron Mirage
71%
Lequel de ces mangas issus du Jump n'a pas été adapté en anime par Studio Pierrot ? Yûna de la pension Yuragi
71%
Quel est l'avatar qu'utilise Yūki Tabata, l'auteur de Black Clover ?
64%
Le générique de la saison 2 de Mashle intitulé Bling-Bang-Bang-Born a connu un énorme succès sur les réseaux sociaux. Qui a créé ce générique ? Creepy Nuts
64%
Selon les informations disponibles publiquement, dans toute l'histoire du Jump, il n'existe qu'un seul mangaka non japonais ayant travaillé sur une série au sein du magazine. Sur quel manga a-t-il travaillé ? Dr. Stone
64%
Quelle particularité partagent ces deux mangas du Jump, Boruto et Level E ? Ils ont été prépubliés à un rythme mensuel
64%
Lequel de ces mangas issus du Jump n'est pas l’œuvre d'un auteur ayant auparavant fait ses preuves avec un manga à succès au sein du Shōnen Jump+, la plateforme de mangas en ligne de Shueisha ? PPPPPP
64%
Le manga comique Me & Roboco a une particularité, pour chacune des couvertures de ses tomes, l'auteur parodie une couverture d'un autre manga, souvent provenant du Jump. Ainsi, quel manga n'a jamais été parodié par Me & Roboco ? Sket Dance
64%
Pour la sortie du jeu vidéo Jump Super Stars, un one-shot promotionnel regroupant plusieurs personnages du Jump a été réalisé. Qui en est l'auteur ? Yūsuke Murata
64%
De 2008 à 2010 dans le Jump, Yūsuke Murata a réalisé Hetappi Manga Kenkyujo R (Paru en France sous le titre : La méthode pour dessiner les mangas). Yūsuke Murata y donne des astuces pour apprendre à dessiner. Ce manga est en réalité un remake spirituel de Hetappi Manga Kenkyūjo (L'apprenti Mangaka) paru entre 1982 et 1984 dans le Fresh Jump. Qui est le mangaka derrière l’œuvre originelle ? Akira Toriyama
57%
Dans le chapitre 259 de My Hero Academia se trouve un héros provenant d'un autre manga du Jump, qui est-il ? Chainsaw Man (Denji)
57%
Plusieurs jeux vidéo crossovers qui regroupent de nombreux personnages issus de divers mangas du Jump ont été commercialisés. Laquelle de ces consoles n'a jamais accueilli un jeu de la sorte ? (Les jeux vidéo basés sur un seul manga, tels que les Tenkaichi Budōkai ou Ultimate Ninja Storm, ne sont pas comptés) PlayStation 1
57%
Lequel de ces mangas du Jump n'est pas un manga de football ? Beast Children
50%
Sans compter les éventuels one-shots, quel manga parmi ceux-ci a débuté en premier dans le Jump ? Nura : Le Seigneur des Yokaï
50%
Lequel de ces mangas issus du Jump n'est pas l’œuvre de Yoshihiro Togashi ? Outer Zone
50%
Lequel de ces mangas issus du Jump ne possède aucun personnage jouable dans le jeu vidéo Jump Force ? Reborn!
50%
Quel est l'avatar qu'utilise Riichirō Inagaki l'auteur de Eyeshield 21 et de Dr. Stone ?
43%
Lequel de ces mangas du Jump n'a jamais fini dans les 10 mangas les plus vendus au Japon sur une année ? Dr. Stone
43%
Au sein de quel magazine le manga Tōkyō Toritsu Jujutsu Kōtō Senmon Gakkō, rétroactivement intitulé Jujutsu Kaisen 0, fut publié ? Jump Giga
43%
De 1990 à 1991, de quelle écurie de Formule 1 le Jump fut le sponsor ? McLaren-Honda
43%
Lequel de ces mangas du Jump n'a pas été dessiné par un ancien assistant d'Eiichiro Oda ? Protect Me, Shugomaru!
43%
Dans le Jump n°3-4 de 2007 est paru un one-shot réalisé par Akira Toriyama et Eiichirō Oda. Celui-ci est un un crossover entre leurs séries phares : Dragon Ball et One Piece. Quel est son titre ? Cross Epoch
36%
Pour diverses raisons il arrive que certains mangas soient transférés vers d'autres magazines durant leur publication. Ainsi, lequel de ces mangas ayant débuté dans le Jump n'est pas associé au magazine vers lequel il fut transféré ? D.Gray-man | Jump SQ.Rise
36%
Chacune de ces quatre propositions associe un auteur du Jump avec un jeu vidéo sur lequel il a travaillé en tant que character-designer. Cependant, une de ces propositions est fausse, laquelle ? Takehiko Inoue | Etrian Odyssey
36%
Généralement, lorsque de nouveaux mangas débutent dans le Jump, ils arrivent par lot. Ainsi, durant plusieurs semaines consécutives (souvent durant 2 à 4 semaines), à chaque nouveau numéro du magazine un nouveau manga commence. Parmi ces paires de mangas du Jump, une seule ne présente pas deux mangas appartenant au même lot de nouveautés, laquelle ? Demon Slayer | The Promised Neverland
29%
Lequel de ces mangakas ne fut pas un assistant de Takeshi Obata, dessinateur de Death Note, Bakuman, etc. Kawada (Hinomaru Sumo)
29%
Quel magazine, publié depuis 1970, a vu certains de ces mangas être transférés temporairement vers le Jump lors de son arrêt de commercialisation en 2007 ? Monthly Shōnen Jump
29%
Lequel de ces mangas du Jump ne s'est pas vendu a au moins 50 millions d'exemplaires. The Promised Neverland
29%
Avant JoJo's Bizarre Adventure, combien de mangas d'Hirohiko Araki ont été arrêtés prématurément faute de popularité dans le Jump. 2
21%
Le Jump a publié plusieurs mangas purement comiques, qui, lorsqu'ils étaient en cours de parution, étaient systématiquement placés en toute fin du magazine. Lequel de ces mangas ne fut pas l'un d'entre eux ? High School Family
21%
Quel manga issu du Jump a été adapté en jeu vidéo par Game Freak, le studio qui développe les jeux principaux de la licence Pokémon ? Talulu le magicien
21%
Plusieurs fois par an le Jump est en pause, les auteurs peuvent ainsi profiter d'une semaine de repos. Ces pauses ont lieu pour certains jours fériés au Japon. Laquelle de ces fêtes n'est pas accompagnée d'une pause pour le magazine ? White Day
21%
Il est extrêmement rare pour un manga de faire la couverture pour son dernier chapitre. Si bien que cela ne s'est produit qu'à 3 reprises dans l'histoire du Jump. Slam Dunk et Kochikame y ont eu le droit, mais quel est le troisième manga ? Yamazaki Ginjiro
21%
Lequel de ces mangas du Jump n'a jamais remporté une catégorie au Prix culturel Osamu Tezuka ? Assassination Classroom
14%
Lequel de ces mangas n'est pas associé au studio d'animation qui a réalisé son adaptation animée. Black Cat | Lerche
14%
Lequel de ces mangas issus du Jump n'a pas été adapté en anime par J. C. Staff ? Mission: Yozakura Family
14%
Depuis 2008 et la création de l'Oricon très peu de mangas ont réussi à vendre plus de tomes que One Piece sur une année. Parmi eux, 3 sont issus du Jump : Demon Slayer, Jujutsu Kaisen et quel est le dernier ? My Hero Academia
14%
Lequel de ces manga fut le plus long en nombre de chapitres publiés dans le Jump. (Les chapitres spéciaux, ceux hors du Jump et one-shots ne sont pas comptabilisés) Naruto
14%
Parmi ces quatre mangas issus du magazine évoqué à la question 29, lequel n'a publié aucun chapitre ni one-shot dans le Jump ? Dragon Drive
7%
Lors du n°36-37 de 2025, le Jump a réalisé une collaboration avec Pokémon. Ainsi, chaque mangaka a dû dessiné un de ses personnages accompagné d'un Pokémon. Parmi ces Pokémon, lequel n'a pas été dessiné lors de cette collaboration ? Nymphali
0%
De 2002 à 2012, l'entreprise Viz Media a publié, aux États-Unis et au Canada, un magazine papier intitulé Shonen Jump qui se voulait être une version anglaise et mensuelle du Jump. Cependant, cette version ne reprenait pas l'entièreté des mangas issus de la version originale du magazine. Ainsi, lequel de ces mangas n'y a jamais été publié ? Toriko
0%
Aucun quiz correspondant
Distribution des résultats
% des personnes avec chaque résultat
Percentile par nombre de réponses
Votre historique - résultats
Vous n’avez pas pris ce quiz